00343nam a2200121Ia 4500008004100000020001500041041001200056100001800068245007200086260003900158300000800197650001600205221030s9999 xx 000 0 und d a8131717158 aEnglish aJ. C. Jackson 0aWeb Technologies : A Computer Science Perspectivecby J. C. Jackson bPearson EdcuationaNew Delhic2014 a590 aBB Computer